Democracy, accountability and representation. Parte One: Elections, Accountability, and Representation /
Spremljeno u:
| Glavni autor: | |
|---|---|
| Daljnji autori: | |
| Format: | Tekst |
| Izdano: |
Cambridge:
Cambridge University Press
|
| Oznake: |
Dodaj oznaku
Bez oznaka, Budi prvi tko označuje ovaj zapis!
|
MARC
| LEADER | 00000 a a2200000 04500 | ||
|---|---|---|---|
| 001 | 28773 | ||
| 003 | |||
| 040 | |||
| 020 | |a 0 521 64616 2 | ||
| 090 | |a 189601 | ||
| 100 | |a Przeworski, Adam | ||
| 245 | |a Democracy, accountability and representation. Parte One: Elections, Accountability, and Representation / |c Adam Przeworski | ||
| 260 | |a Cambridge: |b Cambridge University Press | ||
| 300 | |a 351 p | ||
| 500 | |a Al final de la obra se encuentra un índice de autores y otro temático | ||
| 700 | |a ed. |a Stokes, Susan C |a ed. |a Manin, Bernard |a ed. | ||
| 999 | |c 14401 |d 14401 | ||
